Game character animation all in one

Αποθηκεύτηκε σε:
Λεπτομέρειες βιβλιογραφικής εγγραφής
Κύριος συγγραφέας: Pardew, Les
Μορφή: Βιβλίο
Γλώσσα:English
Δημοσίευση: Boston, Mass. : Thomson Course Technology, c2007.
Θέματα:
Ετικέτες: Προσθήκη ετικέτας
Δεν υπάρχουν, Καταχωρήστε ετικέτα πρώτοι!

MARC

LEADER 00000cam a2200000 i 4500
001 1/57407
008 071009s2007 mau| ||| |||| ||eng||
020 |a 9781598630640  
020 |a 1598630644 
035 |l 10091313 
040 |a GR-MyUa  |b gre  |e AACR2 
041 0 |a eng 
082 7 |a 794.816696   |2 (22) 
100 1 |a Pardew, Les. 
245 1 0 |a Game character animation all in one /   |c Les Pardew.  
260 |a Boston, Mass. :   |b Thomson Course Technology,   |c c2007.  
300 |a xi, 509 σ. :   |b εικ. (μερικές έγχρ.) ;   |c 23 εκ. +   |e 1 οπτική δισκέτα λέϊζερ Η/Υ (4 3/4 ίν.)  
500 |a Περιλαμβάνει ευρετήριο.  
650 0 |a Computer animation. 
650 0 |a Video game characters. 
650 0 |a Computer games  |x Programming. 
650 0 |a Video games  |x Design. 
852 |a INST  |b SYROS  |e 20071009  |h 794.816696 PAR  |p 005500007042  |q 005500007042  |t BK  |y 0 
852 |a INST  |b SYROS  |e 20071009  |h 794.816696 PAR   |p 005500007043  |q 005500007043  |t BK  |y 0 
901 |a BIBL5-2007-3 
922 |a 5ΕΛΗ  |b 200709  |c Βιβλιοθήκη Σύρου  |d Glorybook 
970 |a Καγιαβά  |b Ειρήνη  |z 09/10/2007